Search the Library Catalogue
| 000 -LEADER | |
|---|---|
| fixed length control field | 00618nam a2200205Ia 4500 |
| 008 - FIXED-LENGTH DATA ELEMENTS--GENERAL INFORMATION | |
| fixed length control field | 191130s2008##################000#0#eng## |
| 020 ## - INTERNATIONAL STANDARD BOOK NUMBER | |
| ISBN | 9780070604308 |
| 082 ## - DEWEY DECIMAL CLASSIFICATION NUMBER | |
| Classification number | 332.6457 VAR |
| 100 ## - MAIN ENTRY--AUTHOR NAME | |
| Personal name | Varma, Jayanth Rama |
| 245 ## - TITLE STATEMENT | |
| Title | Derivatives and risk management |
| Statement of responsibility, etc | Jayanth Rama Varma |
| 260 ## - PUBLICATION, DISTRIBUTION, ETC. (IMPRINT) | |
| Place of publication | New Delhi |
| Name of publisher | Tata McGraw Hill Education Private Limited |
| Year of publication | 2008 |
| 300 ## - PHYSICAL DESCRIPTION | |
| Number of Pages | 1 v. (various pagings) ; 24 cm. |
| 500 ## - GENERAL NOTE | |
| General note | <em>Includes index.</em> |
| 650 ## - SUBJECT ADDED ENTRY--TOPICAL TERM | |
| Topical Term | Derivatives |
| Topical Term | Risk management |
| 991 ## - | |
| -- | 194583 |
| Withdrawn status | Lost status | Damaged status | Not for loan | Home library | Current library | Shelving location | Date acquired | Full call number | Accession Number | Price effective from | Koha item type |
|---|---|---|---|---|---|---|---|---|---|---|---|
| Anna Centenary Library | Anna Centenary Library | 4TH FLOOR, A WING | 13.10.2020 | 332.6457 VAR | 255630 | 13.10.2020 | English Books |